[Event "SportAccord World Mind Games (Women, Blitz)"]
[Site "Beijing CHN"]
[Date "2013.12.14"]
[EventDate "2013.12.14"]
[Round "6.8"]
[Result "1/2-1/2"]
[White "Ju Wenjun"]
[Black "Elisabeth Paehtz"]
[WhiteElo "2514"]
[BlackElo "2452"]
[PlyCount "86"]

1. Nf3 d6 2. g3 e5 3. Bg2 g6 4. d3 Bg7 5. e4 c5 6. O-O Nc6
7. c3 Nge7 8. Be3 O-O 9. Qd2 f5 10. Bh6 f4 11. Bxg7 Kxg7
12. h3 h6 13. d4 cxd4 14. cxd4 fxg3 15. fxg3 Qb6 16. Na3 Be6
17. Nc2 Bc4 18. Rf2 Qxb2 19. Re1 Qxa2 20. dxe5 dxe5 21. Qd6
Rad8 22. Qc7 Qa5 23. Qxb7 Qb6 24. Qxb6 axb6 25. Ne3 Bd3
26. Ng4 b5 27. Nfxe5 Rxf2 28. Kxf2 Nxe5 29. Nxe5 Bc2 30. Ke3
b4 31. Rf1 Rf8 32. Rxf8 Kxf8 33. Kd4 Kg7 34. Kc4 b3 35. Kc3 h5
36. Nc4 Kf6 37. Ne3 Ke5 38. Nxc2 bxc2 39. Kxc2 Nc6 40. Kd3
Nb4+ 41. Ke3 Nc2+ 42. Kd2 Nd4 43. Ke3 g5 1/2-1/2

[Event "SportAccord World Mind Games (Women, Blitz)"]
[Site "Beijing CHN"]
[Date "2013.12.14"]
[EventDate "2013.12.14"]
[Round "7.1"]
[Result "0-1"]
[White "Elisabeth Paehtz"]
[Black "Kateryna Lahno"]
[WhiteElo "2452"]
[BlackElo "2543"]
[PlyCount "61"]

1. e4 e5 2. Nf3 Nc6 3. Bc4 Bc5 4. c3 d6 5. d4 exd4 6. cxd4 Bb6
7. h3 Nf6 8. Nc3 O-O 9. O-O Nxe4 10. Nxe4 d5 11. Bg5 Qd7
12. Bb5 dxe4 13. Ne5 Qxd4 14. Nxc6 bxc6 15. Bxc6 Rb8 16. Qc2
Ba6 17. Rfe1 Bd3 18. Qd2 f5 19. Be3 Qf6 20. Bd5+ Kh8 21. Bxb6
Rxb6 22. Bb3 c5 23. Rac1 Rc8 24. Rc3 c4 25. Rec1 Rbc6 26. Ba4
R6c7 27. Qf4 h6 28. h4 Rc5 29. b3 cxb3 30. Rxc5 Rxc5 31. Rxc5
0-1

[Event "SportAccord World Mind Games (Women, Blitz)"]
[Site "Beijing CHN"]
[Date "2013.12.14"]
[EventDate "2013.12.14"]
[Round "8.8"]
[Result "0-1"]
[White "Elisabeth Paehtz"]
[Black "Valentina Gunina"]
[WhiteElo "2452"]
[BlackElo "2509"]
[PlyCount "230"]

1. e4 c6 2. d3 d5 3. Nd2 e5 4. Ngf3 Bd6 5. g3 Ne7 6. Bg2 O-O
7. c3 h6 8. Qe2 Bg4 9. h3 Bh5 10. g4 Bg6 11. Nf1 Nd7 12. Ng3
dxe4 13. dxe4 Nc5 14. Nf5 Ne6 15. Be3 Bc7 16. Rd1 Qe8 17. O-O
f6 18. N3h4 Bf7 19. Nxe7+ Qxe7 20. Nf5 Qe8 21. h4 Nf4 22. Bxf4
exf4 23. Bf3 Qe6 24. b3 Kh7 25. Qc2 Be5 26. h5 Rg8 27. Nd4 Qe8
28. Kh1 Rd8 29. Nf5 Qe6 30. Rxd8 Rxd8 31. Rd1 Rxd1+ 32. Bxd1
Qd7 33. Bf3 c5 34. Kg2 b5 35. Be2 c4 36. bxc4 bxc4 37. Qb2 Be6
38. Bf3 a5 39. Be2 Qc6 40. Bf3 Qc7 41. Nd4 Bd7 42. Qd2 Qc8
43. Nf5 Be6 44. Qb2 Qd7 45. Be2 Bf7 46. Qa3 Qb7 47. Qf8 Be6
48. Bf3 Qf7 49. Qa3 Qd7 50. Qf8 Bxc3 51. e5 Bb4 52. Qb8 Bd5
53. exf6 Bxf3+ 54. Kxf3 Qc6+ 55. Kxf4 Qxf6 56. Kg3 c3 57. Qc7
Qf8 58. f4 Bc5 59. Qc6 Kh8 60. Qg2 Qd8 61. Qc2 Qd2 62. Qe4 Qd7
63. Qc2 Bb4 64. Nh4 Kg8 65. Qb3+ Qf7 66. Qc2 Qe6 67. Nf5 Qd5
68. Nh4 Qd2 69. Qb3+ Kh7 70. Qf7 Qe3+ 71. Nf3 Qe7 72. Qg6+ Kg8
73. Ne5 Bd6 74. Nf3 Qf6 75. Qe4 Bxf4+ 76. Kg2 Bd6 77. Qc4+ Kh8
78. Qc8+ Bf8 79. Qc4 Kh7 80. Qe4+ Kg8 81. Qc4+ Kh8 82. Qc8 a4
83. Nh4 Kg8 84. Ng6 a3 85. Qc4+ Kh7 86. Qd3 Qc6+ 87. Kf1 Qh1+
88. Ke2 Qg2+ 89. Kd1 Qxg4+ 90. Kc2 Qg2+ 91. Kd1 c2+ 92. Qxc2
Qf1+ 93. Kd2 Bb4+ 94. Ke3 Bc5+ 95. Ke4 Qh1+ 96. Ke5 Qxh5+
97. Kf4 Qg5+ 98. Kf3 Qxg6 99. Qxc5 Qf7+ 100. Kg4 Qxa2
101. Qf5+ Kh8 102. Qf8+ Qg8 103. Qxa3 Qc4+ 104. Kg3 Qe4
105. Qf8+ Kh7 106. Qc5 Qg6+ 107. Kf3 Qf6+ 108. Ke2 Kg6
109. Qg1+ Qg5 110. Qb6+ Kh5 111. Qc7 Qg2+ 112. Ke3 g5
113. Qf7+ Kh4 114. Qg6 h5 115. Qe6 Qh3+ 0-1

[Event "SportAccord World Mind Games (Women, Blitz)"]
[Site "Beijing CHN"]
[Date "2013.12.14"]
[EventDate "2013.12.14"]
[Round "9.2"]
[Result "1-0"]
[White "Zhao Xue"]
[Black "Elisabeth Paehtz"]
[WhiteElo "2568"]
[BlackElo "2452"]
[PlyCount "109"]

1. d4 d6 2. Nf3 g6 3. c4 Bg7 4. Nc3 Nc6 5. e3 Nf6 6. d5 Nb8
7. Be2 O-O 8. O-O c6 9. Nd4 e5 10. dxe6 fxe6 11. e4 e5 12. Nb3
Qe7 13. Be3 Be6 14. Rc1 Nbd7 15. Na5 Nc5 16. Qc2 Bf7 17. b4
Ne6 18. Rfd1 Ne8 19. Nb3 N8c7 20. c5 d5 21. exd5 cxd5 22. Nxd5
Nxd5 23. Rxd5 Nd4 24. Rxd4 exd4 25. Bxd4 Bxd4 26. Nxd4 Rad8
27. Nb5 Bd5 28. Nd6 Qf6 29. Bf1 b6 30. Rd1 Ba8 31. f3 bxc5
32. bxc5 Bc6 33. Qc4+ Kg7 34. Qa6 Bxf3 35. gxf3 Qxf3 36. Qe2
Qc6 37. Qe5+ Kh6 38. Bg2 Qa4 39. Qe3+ Kg7 40. Qd4+ Qxd4+
41. Rxd4 Rf6 42. Nf5+ Rxf5 43. Rxd8 Rxc5 44. Rd7+ Kf6 45. Rxa7
Rc1+ 46. Kf2 Rc2+ 47. Kg3 Rc3+ 48. Bf3 h5 49. Ra6+ Kf5 50. h4
Re3 51. Ra5+ Kf6 52. Kf4 Rc3 53. Ra6+ Kg7 54. a4 Rc4+ 55. Be4
1-0

[Event "SportAccord World Mind Games (Women, Blitz)"]
[Site "Beijing CHN"]
[Date "2013.12.15"]
[EventDate "2013.12.14"]
[Round "12.6"]
[Result "1/2-1/2"]
[White "Elisabeth Paehtz"]
[Black "Nana Dzagnidze"]
[WhiteElo "2452"]
[BlackElo "2557"]
[PlyCount "187"]

1. b3 Nf6 2. Bb2 d5 3. e3 c5 4. f4 Nc6 5. Bb5 Qb6 6. Qe2 a6
7. Bxc6+ Qxc6 8. Nf3 Bg4 9. h3 Bxf3 10. Qxf3 e6 11. d3 Be7
12. Nd2 Rc8 13. O-O O-O 14. g4 b5 15. g5 Nd7 16. h4 d4 17. e4
f5 18. Rae1 e5 19. exf5 Rxf5 20. Qxc6 Rxc6 21. fxe5 Rxe5
22. Ne4 b4 23. Bc1 Nf8 24. Bf4 Ree6 25. h5 a5 26. Kg2 Nd7
27. Nd2 Nb6 28. Re4 Nd5 29. Kg3 Nxf4 30. Kxf4 h6 31. gxh6 gxh6
32. Rxe6 Rxe6 33. Ne4 Kf7 34. Kg4+ Ke8 35. Rf5 Rc6 36. Re5 Kf7
37. Rf5+ Ke6 38. Nd2 Rc8 39. Rf1 Rg8+ 40. Kh3 Bd6 41. Ne4 Be5
42. Rf3 Kd5 43. Rf5 Ke6 44. Rf3 Kd5 45. Rf7 Ke6 46. Ra7 Rf8
47. Rxa5 Rf3+ 48. Kg2 Re3 49. Nxc5+ Kd6 50. Ne4+ Ke6 51. Kf2
Rh3 52. Rb5 Rh2+ 53. Kf3 Rxh5 54. Rxb4 Rh3+ 55. Kg4 Rh2
56. Rb6+ Kd5 57. a4 h5+ 58. Kf5 Bc7 59. Rb5+ Kc6 60. Rc5+ Kb6
61. a5+ Kb7 62. b4 Rg2 63. Rd5 h4 64. Nc5+ Kc6 65. Rd7 h3
66. Rh7 h2 67. Rh6+ Kd5 68. Ne4 Rg1 69. Nf6+ Kc6 70. Ne8+ Kd7
71. Nxc7 h1=Q 72. Rxh1 Rxh1 73. Nb5 Rb1 74. Nxd4 Rxb4 75. c4
Ra4 76. Ke4 Rxa5 77. Nb3 Ra3 78. Nc5+ Kc6 79. Ne6 Rc3 80. Kd4
Rc1 81. Nf4 Kd6 82. Nd5 Rc2 83. Nc3 Rc1 84. Ne4+ Kc6 85. Ke5
Rc2 86. c5 Rc1 87. d4 Rd1 88. Nc3 Re1+ 89. Kf4 Re8 90. Kf3 Re1
91. Kf2 Re8 92. Kf3 Re1 93. Kf2 Re8 94. Kf3 1/2-1/2

[Event "SportAccord World Mind Games (Women, Blitz)"]
[Site "Beijing CHN"]
[Date "2013.12.15"]
[EventDate "2013.12.14"]
[Round "15.5"]
[Result "0-1"]
[White "Viktorija Cmilyte"]
[Black "Elisabeth Paehtz"]
[WhiteElo "2514"]
[BlackElo "2452"]
[PlyCount "82"]

1. d4 d6 2. f3 Nf6 3. e4 d5 4. Nc3 dxe4 5. fxe4 e5 6. Nf3 exd4
7. Qxd4 Qxd4 8. Nxd4 Bc5 9. Nb3 Bb6 10. Bg5 c6 11. Bxf6 gxf6
12. O-O-O Nd7 13. Be2 Ne5 14. Rhf1 Ke7 15. Nd4 Be6 16. Na4
Rhg8 17. g3 Rgd8 18. Nf5+ Bxf5 19. Rxf5 Be3+ 20. Kb1 Rxd1+
21. Bxd1 Rd8 22. Nc3 Rd2 23. Rh5 h6 24. a3 b5 25. Be2 a5
26. Bxb5 cxb5 27. Nd5+ Rxd5 28. exd5 Nc4 29. Ka2 Nd6 30. b3 f5
31. c4 bxc4 32. bxc4 Kf6 33. c5 Kg6 34. cxd6 Kxh5 35. d7 Bb6
36. Kb3 f4 37. gxf4 Kg4 38. Kc4 Kxf4 39. Kb5 Bd8 40. Kc6 Ke5
41. a4 f5 0-1

[Event "SportAccord World Mind Games (Women, Blitz)"]
[Site "Beijing CHN"]
[Date "2013.12.15"]
[EventDate "2013.12.14"]
[Round "20.2"]
[Result "0-1"]
[White "Pia Cramling"]
[Black "Elisabeth Paehtz"]
[WhiteElo "2525"]
[BlackElo "2452"]
[PlyCount "88"]

1. d4 d6 2. e4 Nf6 3. Nc3 g6 4. Be3 a6 5. h3 Nbd7 6. Nf3 b5
7. e5 Nh5 8. e6 fxe6 9. Ng5 Ndf6 10. Bd3 Ng7 11. O-O Nf5
12. Qf3 Rb8 13. Rae1 h6 14. Nge4 Nxe4 15. Bxe4 Bg7 16. g4 Nh4
17. Qg3 Bf6 18. f4 b4 19. Nd1 Bb7 20. Nf2 Bd5 21. g5 hxg5
22. fxg5 Bg7 23. Bd2 Bxe4 24. Rxe4 Nf5 25. Qd3 Qd7 26. Rfe1
Kf7 27. Rxe6 Qxe6 28. Rxe6 Kxe6 29. d5+ Kf7 30. Qe4 Be5
31. Ng4 Bd4+ 32. Kh2 Bxb2 33. Qe6+ Kg7 34. Nh6 Rbf8 35. Bxb4
Be5+ 36. Kh1 Nxh6 37. gxh6+ Rxh6 38. Kg2 Rf7 39. Ba5 Rh4
40. Bxc7 Rc4 41. Bb6 Rxc2+ 42. Kh1 Rf1+ 43. Bg1 Bf6 44. Qe4
Rcc1 0-1

[Event "SportAccord World Mind Games (Women, Blitz)"]
[Site "Beijing CHN"]
[Date "2013.12.16"]
[EventDate "2013.12.14"]
[Round "21.8"]
[Result "0-1"]
[White "Elisabeth Paehtz"]
[Black "Ju Wenjun"]
[WhiteElo "2452"]
[BlackElo "2514"]
[PlyCount "86"]

1. d4 Nf6 2. Nf3 g6 3. g3 Bg7 4. Bg2 O-O 5. O-O d6 6. c4 c6
7. Nc3 Qa5 8. e4 e5 9. h3 Nbd7 10. Be3 Re8 11. Qc2 exd4
12. Nxd4 a6 13. Rad1 Qc7 14. Nce2 Nc5 15. f3 a5 16. Bf2 Bd7
17. Nc3 Rad8 18. f4 Ne6 19. Nf3 b5 20. cxb5 cxb5 21. Qb1 b4
22. Nd5 Nxd5 23. exd5 Nc5 24. Nd4 Qc8 25. Kh2 Re7 26. Nc6 Bxc6
27. dxc6 Re2 28. Bxc5 dxc5 29. Rxd8+ Qxd8 30. Qd1 Rd2 31. Qf3
Bxb2 32. f5 Qc7 33. fxg6 hxg6 34. Re1 Kg7 35. h4 Bf6 36. h5 c4
37. hxg6 fxg6 38. Re6 Bd8 39. Re8 Bf6 40. Re6 Bd8 41. Qe3 Rd3
42. Qe4 Qxg3+ 43. Kg1 Rd1+ 0-1

[Event "SportAccord World Mind Games (Women, Blitz)"]
[Site "Beijing CHN"]
[Date "2013.12.16"]
[EventDate "2013.12.14"]
[Round "23.8"]
[Result "1-0"]
[White "Valentina Gunina"]
[Black "Elisabeth Paehtz"]
[WhiteElo "2509"]
[BlackElo "2452"]
[PlyCount "160"]

1. d4 d6 2. Nf3 g6 3. g3 Bg7 4. Bg2 Nf6 5. O-O O-O 6. c4 c6
7. Nc3 Qb6 8. e4 Bg4 9. h3 Bxf3 10. Bxf3 Nfd7 11. d5 Na6
12. Qe2 Nac5 13. Be3 Qc7 14. Bg2 a5 15. f4 a4 16. Rac1 Qa5
17. Kh2 a3 18. e5 axb2 19. Rc2 dxe5 20. f5 e4 21. Bd2 Qa6
22. Rxb2 cxd5 23. fxg6 hxg6 24. Rb5 dxc4 25. Qxc4 Rac8 26. Nd5
Qe6 27. Bg5 Rfe8 28. Be3 Ne5 29. Qb4 Qxd5 30. Rxc5 Rxc5
31. Qxc5 Qxc5 32. Bxc5 f5 33. Rb1 Rc8 34. Bxe7 Rc2 35. Kh1
Rxa2 36. Bc5 Nf3 37. Bxf3 exf3 38. Rb3 Rc2 39. Bb6 f2 40. Rf3
Kf7 41. Bxf2 Ke6 42. Kg1 Be5 43. Rb3 Rc1+ 44. Kg2 Rc7 45. Rb6+
Bd6 46. Be3 Kd7 47. Bf4 Bxf4 48. gxf4 Ke7 49. Rxg6 b5 50. Rb6
Rc5 51. Kg3 Kf7 52. Kh4 Kg7 53. Kg5 Kf7 54. h4 Kg7 55. h5 Kf7
56. h6 Rc1 57. Rxb5 Rh1 58. Rb7+ Kg8 59. Kg6 Rg1+ 60. Kxf5 Kh8
61. Kf6 Rh1 62. Rb8+ Kh7 63. f5 Rxh6+ 64. Kf7 Ra6 65. Re8 Ra7+
66. Re7 Ra8 67. f6 Kh6 68. Rd7 Rb8 69. Rd6 Rb7+ 70. Kf8 Rb8+
71. Ke7 Rb7+ 72. Rd7 Rb8 73. Kf7 Kh7 74. Rd1 Rb7+ 75. Ke6 Rb6+
76. Rd6 Rb8 77. Rd7+ Kg8 78. Ke7 Rf8 79. Rd1 Rf7+ 80. Ke6 Rf8
1-0

[Event "SportAccord World Mind Games (Women, Blitz)"]
[Site "Beijing CHN"]
[Date "2013.12.16"]
[EventDate "2013.12.14"]
[Round "24.2"]
[Result "1/2-1/2"]
[White "Elisabeth Paehtz"]
[Black "Zhao Xue"]
[WhiteElo "2452"]
[BlackElo "2568"]
[PlyCount "146"]

1. d4 Nf6 2. g3 d5 3. Bg2 b5 4. a4 b4 5. c4 bxc3 6. Nxc3 e6
7. Bg5 Be7 8. e4 c6 9. e5 Nfd7 10. Bxe7 Qxe7 11. Nge2 Na6
12. O-O Nb4 13. f4 O-O 14. f5 exf5 15. Rxf5 f6 16. exf6 Nxf6
17. Re5 Qd6 18. h3 Bd7 19. Qd2 Rae8 20. Rxe8 Rxe8 21. Nf4 Qe7
22. Kf2 Bf5 23. g4 Bc8 24. Nce2 Rf8 25. Kg1 Qd6 26. Rf1 Ba6
27. Rf2 Ne4 28. Bxe4 dxe4 29. Qe3 Nd5 30. Nxd5 cxd5 31. Rxf8+
Qxf8 32. Nf4 Qd6 33. Nh5 g6 34. Nf4 Bc4 35. Kf2 a5 36. h4 Qb4
37. Kg3 Qxb2 38. Ne6 Qb3 39. Qxb3 Bxb3 40. Nc5 Bc4 41. Kf4 Kf7
42. g5 Ke7 43. Ke3 Kf7 44. Kf4 Ke7 45. Nb7 Bb3 46. Nc5 Bc2
47. Ke3 Kf7 48. Kf4 Kg8 49. Ke3 h6 50. Kf4 hxg5+ 51. hxg5 Kf7
52. Ke3 Ke7 53. Kf4 Bd1 54. Ke3 Kd6 55. Kf4 Kc6 56. Ke3 Kd6
57. Kf4 Kc6 58. Ke3 Kd6 59. Kf4 Ke7 60. Ke3 Bc2 61. Kf4 Bd3
62. Ke3 Bc2 63. Kf4 Bd1 64. Ke3 Bg4 65. Kf4 Bd7 66. Ke3 Be8
67. Kf4 Kd6 68. Ke3 Bc6 69. Kf4 Ke7 70. Ke3 Kd6 71. Kf4 Ke7
72. Ke3 Kd6 73. Kf4 Ke7 1/2-1/2

[Event "SportAccord World Mind Games (Women, Blitz)"]
[Site "Beijing CHN"]
[Date "2013.12.16"]
[EventDate "2013.12.14"]
[Round "27.6"]
[Result "1-0"]
[White "Nana Dzagnidze"]
[Black "Elisabeth Paehtz"]
[WhiteElo "2557"]
[BlackElo "2452"]
[PlyCount "71"]

1. d4 d6 2. c4 g6 3. Nc3 Bg7 4. Nf3 Nd7 5. g3 e5 6. Bg2 f5
7. O-O e4 8. Ne1 Ngf6 9. f3 exf3 10. exf3 O-O 11. Nc2 c6
12. Bf4 Nb6 13. Qd3 Be6 14. b3 Bf7 15. Rad1 Nh5 16. Bc1 d5
17. c5 Nd7 18. g4 Nhf6 19. gxf5 Nh5 20. Ne2 gxf5 21. Nf4 Nxf4
22. Bxf4 Bg6 23. Ne3 Qh4 24. Bg3 Qh6 25. Bd6 f4 26. Ng4 Qg5
27. Qd2 Rf7 28. Kh1 Re8 29. Rde1 Rxe1 30. Rxe1 h5 31. Ne5 Nxe5
32. dxe5 Rf5 33. Bh3 Rxe5 34. Rg1 Qh6 35. Bxe5 Bxe5 36. Bf5
1-0

[Event "SportAccord World Mind Games (Women, Blitz)"]
[Site "Beijing CHN"]
[Date "2013.12.16"]
[EventDate "2013.12.14"]
[Round "28.4"]
[Result "0-1"]
[White "Elisabeth Paehtz"]
[Black "Koneru Humpy"]
[WhiteElo "2452"]
[BlackElo "2607"]
[PlyCount "94"]

1. e4 c5 2. Nf3 b6 3. d4 cxd4 4. Nxd4 Bb7 5. Bd3 e6 6. O-O a6
7. b3 d6 8. Bb2 Nf6 9. Qe2 Be7 10. c4 O-O 11. Nd2 Nbd7
12. Rad1 Qc7 13. f4 Rfe8 14. Kh1 g6 15. Bb1 Rad8 16. N2f3 Nh5
17. Qd2 Nc5 18. Qe3 Bf8 19. Ne2 Nd7 20. Ng5 b5 21. cxb5 axb5
22. Qh3 h6 23. Nf3 Nhf6 24. Nd2 Bg7 25. Nd4 Qb6 26. Qf3 e5
27. fxe5 Nxe5 28. Qg3 d5 29. exd5 Rxd5 30. Ne4 Nh5 31. Qf2
Red8 32. Bc2 R8d7 33. Ne2 Qxf2 34. Nxf2 Rd2 35. Bxe5 Bxe5
36. Bb1 Bc6 37. Ng1 Rxf2 38. Rxf2 Rxd1 39. Bc2 Rc1 40. Re2 Bd4
41. h4 Rxg1+ 42. Kh2 Rc1 43. Bd3 Bc5 44. Rd2 Bd6+ 45. Kh3 Bd7+
46. g4 Nf4+ 47. Kg3 Nxd3+ 0-1

[Event "SportAccord World Mind Games (Women, Blitz)"]
[Site "Beijing CHN"]
[Date "2013.12.16"]
[EventDate "2013.12.14"]
[Round "30.5"]
[Result "0-1"]
[White "Elisabeth Paehtz"]
[Black "Viktorija Cmilyte"]
[WhiteElo "2452"]
[BlackElo "2514"]
[PlyCount "68"]

1. Nf3 f5 2. c4 Nf6 3. Nc3 g6 4. g3 Bg7 5. Bg2 d6 6. O-O O-O
7. d4 c6 8. Qd3 Na6 9. b3 Qc7 10. Ba3 Qa5 11. Bb2 e5 12. dxe5
dxe5 13. Ng5 h6 14. Nh3 e4 15. Qc2 Nb4 16. Qb1 Be6 17. a3 Na6
18. f3 Qb6+ 19. Nf2 exf3 20. exf3 Qxb3 21. Re1 Bxc4 22. Re7
Rf7 23. Rxf7 Bxf7 24. a4 Nd5 25. Ncd1 Bxb2 26. Qxb2 Qxb2
27. Nxb2 Ne3 28. Bh3 Rd8 29. Nfd3 Rd4 30. Rc1 Nb4 31. Ne5 Rd2
32. Re1 Nbc2 33. Rc1 Nd4 34. Nbc4 Bxc4 0-1

[Event "SportAccord World Mind Games (Women, Basque)"]
[Site "Beijing CHN"]
[Date "2013.12.17"]
[EventDate "2013.12.17"]
[Round "2.1"]
[Result "1-0"]
[White "Viktorija Cmilyte"]
[Black "Elisabeth Paehtz"]
[WhiteElo "2514"]
[BlackElo "2452"]
[PlyCount "87"]

1. d4 d6 2. g3 g6 3. Bg2 Bg7 4. Nf3 Nf6 5. O-O O-O 6. c4 c6
7. Nc3 Qb6 8. b3 Qa6 9. Bb2 b5 10. cxb5 cxb5 11. Nd2 Bb7
12. e4 Nbd7 13. Re1 b4 14. Na4 Nb6 15. d5 Nxa4 16. bxa4 Qb6
17. Nc4 Qd8 18. Qb3 Ba6 19. e5 Bxc4 20. Qxc4 Nd7 21. exd6 exd6
22. Bxg7 Kxg7 23. Qxb4 Nc5 24. Qd4+ Qf6 25. Qxf6+ Kxf6
26. Rab1 Rab8 27. a5 Rxb1 28. Rxb1 Re8 29. Bf1 Re4 30. Bb5 Rd4
31. Bc6 Rd2 32. a4 Ne4 33. Rb7 a6 34. Ra7 Nxf2 35. Rxa6 Ng4
36. Rb6 Nxh2 37. Rb3 Kg5 38. a6 Kg4 39. Bd7+ f5 40. a7 Nf3+
41. Kf1 Kxg3 42. Rxf3+ Kxf3 43. Ke1 Re2+ 44. Kd1 1-0

[Event "SportAccord World Mind Games (Women, Basque)"]
[Site "Beijing CHN"]
[Date "2013.12.17"]
[EventDate "2013.12.17"]
[Round "2.2"]
[Result "1-0"]
[White "Elisabeth Paehtz"]
[Black "Viktorija Cmilyte"]
[WhiteElo "2452"]
[BlackElo "2514"]
[PlyCount "127"]

1. e4 c5 2. Nf3 d6 3. d4 Nf6 4. Nc3 cxd4 5. Nxd4 g6 6. Be3 Bg7
7. Be2 O-O 8. Qd2 Nc6 9. O-O-O Ng4 10. Bxg4 Bxg4 11. f3 Bd7
12. Nxc6 bxc6 13. Bh6 Qb6 14. h4 Rab8 15. b3 Bxh6 16. Qxh6 Qc5
17. Kb2 Qe5 18. Qe3 a5 19. f4 Qe6 20. h5 a4 21. Nxa4 c5
22. Nc3 Bc6 23. g4 Rb4 24. hxg6 fxg6 25. a3 Rb7 26. Qh3 Qf7
27. f5 Rfb8 28. Nd5 e6 29. fxe6 Qxe6 30. Rhf1 Bxd5 31. exd5
Qe2 32. Kc1 Qe5 33. Rfe1 Qa1+ 34. Kd2 Qxa3 35. g5 Qb4+ 36. Qc3
Qf4+ 37. Qe3 Qb4+ 38. Qc3 Qf4+ 39. Qe3 Rf7 40. Qxf4 Rxf4
41. Re7 Rbf8 42. Rd7 Rg4 43. Rxd6 Rg2+ 44. Kc3 Rf3+ 45. Kc4
Rxc2+ 46. Kb5 Rxb3+ 47. Kc6 Rcb2 48. Rd8+ Kg7 49. Rd7+ Kg8
50. Re1 Rb6+ 51. Kxc5 R2b5+ 52. Kd4 Rb4+ 53. Ke5 Rg4 54. d6
Rxg5+ 55. Ke6 Rg2 56. Ke7 h5 57. Kf6 Rb8 58. Rg7+ Kf8 59. Ree7
Rf2+ 60. Kg5 Rd8 61. d7 Rf1 62. Kh6 h4 63. Re8+ Rxe8 64. Rg8+
1-0

[Event "SportAccord World Mind Games (Women, Basque)"]
[Site "Beijing CHN"]
[Date "2013.12.17"]
[EventDate "2013.12.17"]
[Round "3.2"]
[Result "0-1"]
[White "Nana Dzagnidze"]
[Black "Elisabeth Paehtz"]
[WhiteElo "2557"]
[BlackElo "2452"]
[PlyCount "144"]

1. d4 d5 2. c4 c6 3. Nf3 Nf6 4. Nc3 dxc4 5. a4 Na6 6. e3 Bg4
7. Bxc4 e6 8. O-O Nb4 9. h3 Bh5 10. Be2 a5 11. Ne5 Bxe2
12. Qxe2 Be7 13. Rd1 O-O 14. e4 Nd7 15. Nd3 Qb6 16. Be3 Qa6
17. Rd2 Rfd8 18. Rad1 Nb6 19. b3 Nd7 20. e5 Nxd3 21. Rxd3 Nb6
22. Qg4 c5 23. Bh6 g6 24. Rf3 Nd5 25. Nxd5 exd5 26. dxc5 Qe6
27. Qd4 Rac8 28. Rc1 Rc6 29. Bd2 Rdc8 30. Rfc3 Bf8 31. R3c2 b6
32. cxb6 Rxc2 33. Rxc2 Rxc2 34. b7 Rxd2 35. Qxd2 Qxe5 36. Qxa5
Bd6 37. g3 Kg7 38. Qb5 Bb8 39. Qc5 h5 40. h4 Qe1+ 41. Kg2 Qe4+
42. Kg1 Qb1+ 43. Kg2 Qxb3 44. Qc6 Ba7 45. Qa6 Bb8 46. a5 Be5
47. Qc6 Bd4 48. a6 Qb2 49. Qxd5 Qxf2+ 50. Kh3 Qf1+ 51. Qg2
Qxg2+ 52. Kxg2 Ba7 53. Kf3 Kf6 54. Kf4 Bb8+ 55. Ke4 Ke6
56. Kd4 Kd6 57. Ke4 Kc6 58. a7 Bxa7 59. Ke5 Kd7 60. Kf6 Ke8
61. Kg7 Bb8 62. Kf6 Bxg3 63. Kg5 Kd7 64. Kf6 Ke8 65. Kg7 Ke7
66. Kh6 Ke6 67. Kg7 g5 68. hxg5 h4 69. g6 fxg6 70. Kxg6 h3
71. Kg5 h2 72. Kg4 Bb8 0-1

[Event "SportAccord World Mind Games (Women, Basque)"]
[Site "Beijing CHN"]
[Date "2013.12.18"]
[EventDate "2013.12.17"]
[Round "4.1"]
[Result "0-1"]
[White "Elisabeth Paehtz"]
[Black "Zhao Xue"]
[WhiteElo "2452"]
[BlackElo "2568"]
[PlyCount "63"]

1. e4 e5 2. Nf3 Nc6 3. Bb5 a6 4. Ba4 Nf6 5. d3 d6 6. c3 b5
7. Bc2 Be7 8. Nbd2 O-O 9. O-O Re8 10. Re1 Bf8 11. a4 Bb7
12. d4 exd4 13. cxd4 Nb4 14. Bb1 c5 15. dxc5 dxc5 16. e5 Nd7
17. b3 g6 18. axb5 axb5 19. Rxa8 Bxa8 20. Bb2 Bg7 21. Qe2 Bc6
22. h3 Qb8 23. Qe3 Nd5 24. Qg5 Nb4 25. Qg3 Bd5 26. h4 Nc6
27. Be4 Bxe4 28. Nxe4 Ncxe5 29. Nxe5 Nxe5 30. Bc3 c4 31. bxc4
bxc4 32. Re3 0-1

[Event "SportAccord World Mind Games (Women, Basque)"]
[Site "Beijing CHN"]
[Date "2013.12.18"]
[EventDate "2013.12.17"]
[Round "4.2"]
[Result "1-0"]
[White "Zhao Xue"]
[Black "Elisabeth Paehtz"]
[WhiteElo "2568"]
[BlackElo "2452"]
[PlyCount "85"]

1. Nf3 d5 2. d4 Nf6 3. c4 c6 4. Nc3 dxc4 5. a4 Bg4 6. Ne5 Bh5
7. g3 e6 8. Bg2 Nbd7 9. Nxc4 Bb4 10. O-O O-O 11. h3 Nd5
12. Qc2 N7b6 13. Ne5 Nd7 14. e4 Nxe5 15. dxe5 Nxc3 16. bxc3
Bc5 17. Kh2 f6 18. Rb1 fxe5 19. Rxb7 Bb6 20. a5 Bxa5 21. g4
Be8 22. Qa2 Qc8 23. Rxg7+ Kxg7 24. Qxa5 Qb8 25. c4 Bg6 26. Bd2
Qd8 27. Qxe5+ Qf6 28. Qa5 Kg8 29. f4 Qd8 30. Qc3 Rb8 31. f5
Be8 32. Bh6 Qf6 33. Qe3 Rb2 34. e5 Qf7 35. Kh1 c5 36. Qg5+ Kh8
37. Bxf8 Qxf8 38. fxe6 Rf2 39. Rxf2 Qxf2 40. Qf6+ Qxf6
41. exf6 Ba4 42. Bd5 h6 43. f7 1-0

[Event "Women World Rapid Championships"]
[Site "Khanty-Mansiysk RUS"]
[Date "2014.04.23"]
[EventDate "2014.04.23"]
[Round "5.3"]
[Result "1-0"]
[White "Mariya Muzychuk"]
[Black "Elisabeth Paehtz"]
[WhiteElo "2524"]
[BlackElo "2440"]
[PlyCount "99"]

1. e4 e5 2. Nf3 Nc6 3. c3 d5 4. Qa4 f6 5. d3 Be6 6. Be2 Ne7
7. O-O Ng6 8. Rd1 dxe4 9. dxe4 Bd6 10. Na3 O-O 11. Nb5 Qe7
12. Nxd6 cxd6 13. Be3 Rfd8 14. Bc4 Qf7 15. Bxe6 Qxe6 16. Qb5
Rd7 17. Qd5 Qxd5 18. Rxd5 Kf7 19. Rad1 Ke6 20. b4 Nce7
21. R5d3 d5 22. a4 h6 23. Nd2 Rad8 24. a5 dxe4 25. Nxe4 Rxd3
26. Nc5+ Kf5 27. Rxd3 Rxd3 28. Nxd3 Nc8 29. Nc5 Nd6 30. f3 Ne7
31. g4+ Kg6 32. a6 b6 33. Na4 Nc6 34. Nxb6 axb6 35. Bxb6 Nc4
36. Bc5 e4 37. fxe4 Na3 38. a7 Nxa7 39. Bxa7 Kg5 40. h3 Kf4
41. Bc5 Kxe4 42. Bf8 g6 43. Bxh6 Nc4 44. Bg7 f5 45. gxf5 gxf5
46. h4 f4 47. h5 Kf5 48. h6 Kg6 49. Kf2 Nd2 50. b5 1-0

[Event "Women World Blitz Championships"]
[Site "Khanty-Mansiysk RUS"]
[Date "2014.04.27"]
[EventDate "2014.04.23"]
[Round "13.4"]
[Result "1-0"]
[White "Zhao Xue"]
[Black "Elisabeth Paehtz"]
[WhiteElo "2552"]
[BlackElo "2440"]
[PlyCount "79"]

1. d4 e6 2. c4 Bb4+ 3. Nd2 d5 4. Qc2 Nf6 5. Nf3 O-O 6. a3 Be7
7. e3 Nbd7 8. cxd5 exd5 9. b4 Bd6 10. Bd3 Re8 11. O-O a5
12. b5 a4 13. Bb2 Nb6 14. Ne5 Qe7 15. f4 Kh8 16. Kh1 Bd7
17. Ndf3 Ne4 18. Ng5 Bxe5 19. dxe5 Nxg5 20. fxg5 Be6 21. Bxh7
Qxg5 22. Bd3 Nc4 23. Bd4 Nxe3 24. Qd2 Qxg2+ 25. Qxg2 Nxg2
26. Kxg2 Kg8 27. Rfc1 Re7 28. Rc3 Rc8 29. Rac1 Rd7 30. Kf3 Kf8
31. Kf4 Kg8 32. Rg1 Kf8 33. Bc2 c5 34. Rxc5 Rdc7 35. Rxc7 Rxc7
36. Bd3 g6 37. Ke3 Ke7 38. Kd2 Bf5 39. Bxf5 gxf5 40. Rc1 1-0

[Event "PokerStars IoM Masters"]
[Site "Douglas ENG"]
[Date "2014.10.10"]
[EventDate "2014.10.04"]
[Round "7.18"]
[Result "1/2-1/2"]
[White "Elisabeth Paehtz"]
[Black "Tal Haimovich"]
[WhiteElo "2477"]
[BlackElo "2365"]
[PlyCount "137"]

1. Nf3 Nf6 2. c4 e6 3. g3 d5 4. b3 Be7 5. Bb2 O-O 6. Bg2 Nc6
7. d4 Ne4 8. O-O f5 9. Nfd2 Bf6 10. e3 Bd7 11. f3 Nxd2
12. Qxd2 Be8 13. Kh1 Bf7 14. Rd1 dxc4 15. bxc4 e5 16. d5 e4
17. fxe4 Ne5 18. Na3 fxe4 19. Bxe4 Ng4 20. Re1 Bxb2 21. Qxb2
Qg5 22. Nb5 Rae8 23. Bf3 Bg6 24. Bxg4 Qxg4 25. Nd4 Rf6 26. Kg1
c5 27. dxc6 bxc6 28. c5 Be4 29. Qe2 Qg5 30. Rac1 Bd5 31. Qd3
Qg4 32. Rc2 h5 33. Rf1 Rxf1+ 34. Kxf1 h4 35. Rf2 hxg3 36. hxg3
Qxg3 37. Ke2 Rb8 38. Qc3 Qg4+ 39. Kd2 Rb1 40. Qc2 Be4 41. Qc4+
Bd5 42. Qc2 Ra1 43. Kc3 Qg3 44. Nb3 Qxe3+ 45. Kb4 a5+ 46. Ka3
Re1 47. Rh2 Bxb3 48. Qxb3+ Qxb3+ 49. axb3 Rc1 50. b4 Ra1+
51. Kb2 Ra4 52. bxa5 Rxa5 53. Rc2 Kf7 54. Kb3 g5 55. Kb4 Ra6
56. Rf2+ Kg6 57. Rf8 g4 58. Rg8+ Kf5 59. Rf8+ Ke4 60. Re8+ Kf3
61. Rf8+ Kg2 62. Rb8 g3 63. Rb6 Ra8 64. Rxc6 Rg8 65. Rf6 Kh3
66. Rh6+ Kg4 67. Rh1 Kf4 68. c6 Ra8 69. Kc5 1/2-1/2